La misa: fuente de vida cristiana
Uloženo v:
| Hlavní autor: | |
|---|---|
| Médium: | Kniha |
| Jazyk: | španělština |
| Vydáno: |
Madrid
Ediciones Cristiandad S. A
2004
|
| Vydání: | 1a. ed |
| Témata: | |
| Tagy: |
Přidat tag
Žádné tagy, Buďte první, kdo vytvoří štítek k tomuto záznamu!
|
MARC
| LEADER | 00000cam a2200000 a 4500 | ||
|---|---|---|---|
| 001 | UCD5481 | ||
| 003 | CL-VaPUC | ||
| 008 | 160908e20040000sp |||||||||||||||||spa|d | ||
| 020 | |a 847057499X | ||
| 082 | 0 | 4 | |a 264 |b MUL |2 21 |
| 100 | |a Müller, Gerhard Ludwig |e autor |9 491136 | ||
| 245 | 1 | 3 | |a La misa: fuente de vida cristiana |
| 250 | |a 1a. ed | ||
| 300 | |a 230 p | ||
| 942 | |c BK | ||
| 945 | |d 20160908 17:08:00 |a dcastane | ||
| 260 | |a Madrid |b Ediciones Cristiandad S. A |c 2004 | ||
| 650 | 0 | |a Misa |9 329325 | |
| 650 | 0 | |a Rituales |9 349198 | |
| 650 | 0 | |a Ceremonias religiosas |9 337235 | |
| 650 | 0 | |a Eucaristía |9 257336 | |
| 583 | |a last modification |c 20160908 17:08:00 |k Rodrigo Vera | ||
| 999 | |c 366142 |d 366140 | ||
| 952 | |0 0 |1 0 |3 erb |4 0 |6 264_000000000000000_MUL_2004 |7 0 |8 A |9 480188 |a BIBTEO |b BIBTEO |i 5341043 |o 264 MUL 2004 |p 5341043 |r 2025-01-17 |w 2019-11-24 |y BK |z Catalogado en:20160908 |k ICR | ||